01556nam a2200361 a 4500008004100000020001900041040002500060041000800085044001100093080001700104080001600121100003100137245030100168250001200469260014300481300005900624490000900683500003800692700003300730700003100763700003200794700002700826700002600853700002900879700002700908700003100935700003600966700003601002958000801038958000801046999001701054952012301071951031s1992||||[C 0 slo c a8023400649c10 aSNKbslocSNKeAACR21 aslo axocSK a943.767.2-22 a908.437.6721 aUličný, Ferdinand4com10aDejiny GiraltovieccZost. Ferdinand Uličný ; Aut. Ľubica Cibuľková, Dušan Čaplovič, Mikuláš Lovacký, Martin Mešša, Martin Mihály, Imrich Michnovič, Jozef Petrovič, Ferdinand Uličný ; Graf. upr. Tatiana Tarhanovičová ; Aut. obál. Tatiana Tarhanovičová a1. vyd. aKošicebVýchodoslovenské vydavateľstvoaGiraltovcebMestský úrad [vyd.]c1992eBanská BystricafTlačiarne BB, spol. s r.o. a224 s.bFotogr., tab., lit. 179 zázn. v slov.c21 cm0 aURBS aIlustr. na front. a predsádkach1 aCibuľková, Ľubica4aut1 aČaplovič, Dušan4aut1 aLovacký, Mikuláš4aut1 aMešša, Martin4aut1 aMihály, Martin4aut1 aMichnovič, Imrich4aut1 aPetrovič, Jozef4aut1 aUličný, Ferdinand4aut1 aTarhanovičová, Tatiana4bkd1 aTarhanovičová, Tatiana4bjd aAMG aAZN c15295d15295 00102udc40708Ka10000b10000d2019-11-29g10.00i14329l4oI 0367pI0367r2025-02-12s2025-02-10w2019-11-29yOLDO